000 00700nam a2200193Ia 4500
999 _c43969
_d43969
003 GCL
005 20240530104006.0
008 140319s1957 le 000 0 ara d
040 _aGCL /
_cGCL
082 0 4 _a922.58/
_bع ط
100 0 _aعمر بن على بن سمرة الجعدى
245 1 0 _aطبقات فقهاء اليمن /
_cتاليف عمر بن على بن سمرة الجعدى ؛ بتحقيق فؤاد سيد
260 _aبيروت :
_bدار القلم،
_c1957.
300 _a326 ص. ؛
_e24 سم.
650 0 7 _2qrmak
_aالرجال
_vتراجم
_zاليمن
650 0 7 _2qrmak
_aالفقهاء
_vتراجم
_yاليمن
700 0 _aفؤاد سيد
_eمحقق
942 _2ddc
_cBK